Flowers : geometric form /

Bibliographic Details
Main Author: Benz, M. (Morris), 1909-
Other Authors: Johnson, James L.
Format: Book
Language:English
Published: College Station, Tx : San Jacinto Pub. Co., [1986]
Edition:6th ed. rev.
Subjects:

MARC

Tag First Indicator Second Indicator Subfields
LEADER 00000cam a2200000 a 4500
001 in00000033219
005 20151007060531.0
008 860530s1986 txua 00010 eng d
010 |a  80050568  
020 |a 0911982124 
035 |a (OCoLC)13663930 
035 |9 AAC1072AM 
040 |a LSM  |c LSM  |d VPI  |d TXA  |d UtOrBLW 
049 |a TXAM  |c [A11531427] 
050 4 |a SB445  |b .B4 1986 
100 1 |a Benz, M.  |q (Morris),  |d 1909- 
245 1 0 |a Flowers :  |b geometric form /  |c M. "Buddy" Benz, James L. Johnson. 
250 |a 6th ed. rev. 
264 1 |a College Station, Tx :  |b San Jacinto Pub. Co.,  |c [1986] 
264 4 |c ©1986 
300 |a xv, 334 pages :  |b illustrations (part color) ;  |c 28 cm. 
336 |a text  |b txt  |2 rdacontent 
337 |a unmediated  |b n  |2 rdamedia 
338 |a volume  |b nc  |2 rdacarrier 
650 0 |a Flower arrangement. 
700 1 |a Johnson, James L. 
999 |a MARS 
999 f f |s 46c7842e-1d40-375b-bfb2-126546b9b561  |i 87f66b3e-3682-384c-890d-a43515ef00df  |t 0 
952 f f |p ric  |a Texas A&M University  |b Rellis Campus  |c Joint Library Facility  |d Remote Storage  |t 0  |e SB445 .B4 1986  |h Library of Congress classification  |i unmediated -- volume  |m A14811531427 
998 f f |a SB445 .B4 1986  |t 0  |l Remote Storage